| 000 | 00738cam a22002657a 4500 | ||
|---|---|---|---|
| 003 | CHAP | ||
| 005 | 20220329141332.0 | ||
| 008 | 971013s1987 r 00010 d | ||
| 010 | _a66576 | ||
| 011 | _a67548 | ||
| 035 | _a77018 | ||
| 040 | _cCHAP | ||
| 082 |
_a635.32 _bV3 |
||
| 100 | 0 | 0 |
_aValle, Laura del. _9117627 |
| 245 | 1 | 3 | _aEl cultivo moderno de la alcachofa |
| 260 |
_aBarcelona : _bDe Vecchi, _c1987 |
||
| 300 |
_a127 p. _b: ilus. |
||
| 500 | _a28-191 | ||
| 590 |
_aBATCH-UPD _b10 _c20130110 _lUCH01 _h0247 |
||
| 590 |
_aCONVERSION _b10 _c20130109 _lUCH01 _h1337 |
||
| 650 | 1 | 4 |
_aAlcachofas. _93531 |
| 901 | _aBK | ||
| 942 | _cLIBRO | ||
| 949 |
_a635.32 V3 _bBC _cLIBRO _d33724000929949 _eLIBRO _gI.144585 _h73939 _i77018 _si _t61.40 |
||
| 999 |
_c66576 _d66576 |
||